Lingue dell'Unione Europea - Statistics

Statistiche generali
  • Questo quiz è stato fatto 200 volte
  • Il punteggio medio è 20 su 24
Statistiche sulle risposte
N. di Locutori Lingua % Corretto
70 milioni Francese
100%
65 milioni Italiano
100%
90 milioni Tedesco
99%
5 milioni Inglese
98%
47 milioni Spagnolo
97%
10,5 milioni Portoghese
96%
12 milioni Greco
93%
8,3 milioni Svedese
92%
5,5 milioni Croato
89%
5 milioni Finlandese
89%
44 milioni Polacco
88%
2 milioni Sloveno
87%
13,5 milioni Ungherese
85%
5,3 milioni Danese
84%
23 milioni Olandese
81%
5 milioni Slovacco
78%
12,5 milioni Ceco
76%
1,5 milioni Estone
76%
2 milioni Lettone
76%
3,5 milioni Lituano
76%
7,8 milioni Bulgaro
74%
1,5 milioni Irlandese
69%
22 milioni Romeno
61%
0,5 milioni Maltese
56%
Nessun quiz corrispondente trovato
Distribuzione punteggi
Percentuale di utenti per punteggio
Percentile per numero di risposta
I tuoi punteggi nel tempo
Non hai fatto questo quiz